Wird geladen...

Theory Culture & Society

Bibliographische Detailangaben
Format: Periodicals
Veröffentlicht: New Delhi: Sage, 2017.
LEADER 00249nam a2200085 4500
245 |a Theory Culture & Society 
260 |a New Delhi:  |b Sage,  |c 2017. 
942 |c PER  |s 1 
999 |c 133952  |d 133952 
952 |0 0  |1 0  |4 0  |7 0  |9 94854  |a SSUS  |b SSUS  |d 2017-08-16  |r 2017-08-16  |w 2017-08-16  |y PER